[Event "MCR_SF09"]
[Site "?"]
[Date "2007.??.??"]
[Round "1"]
[White "Cvak, Rudolf"]
[Black "Svoboda, Frantisek"]
[Result "1/2-1/2"]
[WhiteElo "2247"]
[BlackElo "2051"]
[PlyCount "102"]
[EventDate "2007.??.??"]
[EventType "schev (rapid)"]
[EventRounds "2"]
[SourceDate "2007.02.23"]

1. e4 c5 2. Nf3 e6 3. d4 cxd4 4. Nxd4 Nf6 5. Nc3 d6 6. Be2 a6 7. a4 Nc6 8. O-O
Be7 9. Be3 O-O 10. f4 Qc7 11. Qe1 Nxd4 12. Bxd4 e5 13. Be3 exf4 14. Rxf4 Be6
15. Qg3 Nd7 16. Bd4 Ne5 17. a5 Bd8 18. Bd3 Qe7 19. h4 f6 20. Nd5 Qe8 21. c4 Rc8
22. b3 Qg6 23. Qe3 Re8 24. Be2 Bxd5 25. cxd5 Rc2 26. Kf1 Re7 27. g3 h5 28. Bd1
Rc8 29. Kg2 Qe8 30. Kg1 Rec7 31. Rf5 g6 32. Rf2 Qd7 33. Be2 Rc2 34. Raf1 Kg7
35. b4 Qe8 36. Qb3 Qd7 37. b5 axb5 38. Bxb5 Qc7 39. Be2 Qxa5 40. Qxb7+ R8c7 41.
Qb8 Be7 42. Qb3 Ra2 43. Kg2 Qa4 44. Qxa4 Rxa4 45. Rd1 Ng4 46. Bxg4 hxg4 47. Bb2
Rxe4 48. Rdf1 Rc5 49. Bxf6+ Bxf6 50. Rxf6 Rxd5 51. R1f2 Kh6 1/2-1/2

[Event "MCR_SF09"]
[Site "?"]
[Date "2007.??.??"]
[Round "?"]
[White "Brichacek, Milan"]
[Black "Trs, Jan"]
[Result "1/2-1/2"]
[WhiteElo "2215"]
[BlackElo "2255"]
[PlyCount "106"]
[EventDate "2007.??.??"]
[EventType "schev (rapid)"]
[EventRounds "2"]
[SourceDate "2007.02.23"]

1. e4 c5 2. Nf3 d6 3. d4 cxd4 4. Nxd4 Nf6 5. Nc3 Nc6 6. Bb5 Bd7 7. Be3 g6 8.
O-O Bg7 9. f3 O-O 10. a4 Qc7 11. a5 d5 12. exd5 Nb4 13. Bxd7 Qxd7 14. Nb3 Nfxd5
15. Nxd5 Nxd5 16. Bd4 e5 17. Bf2 Qc6 18. c4 Nf4 19. Qc2 Rac8 20. Rac1 b6 21.
Be3 Nd5 22. Bd2 b5 23. c5 f5 24. Rcd1 h6 25. Rfe1 Rfd8 26. Qc1 Kh7 27. Be3 a6
28. Bf2 Nf4 29. Qc2 Qe6 30. Nd4 Qc4 31. b3 Qxc2 32. Nxc2 Nd3 33. Rf1 Kg8 34. b4
Kf7 35. Be3 Rd5 36. g3 Rcd8 37. Rb1 f4 38. Bf2 g5 39. g4 Ke6 40. Kg2 Kd7 41.
Ne1 Nxf2 42. Rxf2 Kc6 43. Nc2 Rd3 44. Re1 R8d7 45. Re4 Rd1 46. Rfe2 Rb1 47. Na3
Rb3 48. Nc2 Rd1 49. Ne1 Rbb1 50. Kh3 Bf6 51. Kg2 Rbc1 52. Kf2 Bg7 53. Kg2 Kd5
1/2-1/2

[Event "MCR_SF09"]
[Site "?"]
[Date "2007.??.??"]
[Round "1"]
[White "Izing, Stefan ml."]
[Black "Mateka, Petr"]
[Result "1-0"]
[WhiteElo "2157"]
[BlackElo "2275"]
[PlyCount "119"]
[EventDate "2007.??.??"]
[EventType "schev (rapid)"]
[EventRounds "2"]
[SourceDate "2007.02.23"]

1. e4 e5 2. Nf3 Nc6 3. Bb5 a6 4. Ba4 Nf6 5. O-O Be7 6. Re1 b5 7. Bb3 O-O 8. d4
d6 9. c3 Bg4 10. Be3 exd4 11. cxd4 Na5 12. Bc2 c5 13. h3 Bh5 14. Nc3 Nc4 15.
Bb3 Nxb2 16. Qe2 Bxf3 17. gxf3 Na4 18. Bxa4 bxa4 19. f4 Qd7 20. Kh2 Rfe8 21.
dxc5 dxc5 22. e5 Nd5 23. Qd3 Red8 24. Rad1 Nb6 25. Qxd7 Rxd7 26. Rxd7 Nxd7 27.
Rb1 Kf8 28. Nxa4 Rc8 29. Rb7 Ke8 30. Kg3 c4 31. Nc3 Bc5 32. Kf3 h6 33. Ne4 Be7
34. Bd4 f5 35. Nc3 Nc5 36. Bxc5 Bxc5 37. Rxg7 Rd8 38. Rc7 Rd3+ 39. Ke2 Rxc3 40.
Rxc5 Kd7 41. h4 Rc2+ 42. Kf3 Rc1 43. h5 Rc3+ 44. Ke2 Rc2+ 45. Ke3 Rxa2 46. Rxc4
Ra3+ 47. Ke2 Rh3 48. Ra4 Rxh5 49. Rxa6 Rh4 50. Ke3 Rh3+ 51. Kd4 Ke7 52. Rf6 Rh5
53. Kd5 Rh2 54. Rb6 Rxf2 55. Rb7+ Kd8 56. e6 Rxf4 57. e7+ Ke8 58. Ke6 Re4+ 59.
Kf6 Re3 60. Rb8+ 1-0

[Event "MCR_SF09"]
[Site "?"]
[Date "2007.??.??"]
[Round "1"]
[White "Portych, Vaclav"]
[Black "Styblo, Pavel"]
[Result "1/2-1/2"]
[WhiteElo "2147"]
[BlackElo "2306"]
[PlyCount "68"]
[EventDate "2007.??.??"]
[EventType "schev (rapid)"]
[EventRounds "2"]
[SourceDate "2007.02.23"]

1. c4 c5 2. Nc3 Nc6 3. Nf3 Nf6 4. g3 g6 5. Bg2 Bg7 6. O-O O-O 7. d4 d6 8. d5
Na5 9. Nd2 a6 10. Qc2 Rb8 11. b3 b5 12. Rb1 e5 13. cxb5 axb5 14. b4 cxb4 15.
Rxb4 Qc7 16. Ba3 Bf5 17. Qc1 Bd7 18. Nce4 Qb6 19. Nxf6+ Bxf6 20. Bb2 Bg7 21. a4
Qa6 22. Qc7 Rb7 23. axb5 Bxb5 24. Qc3 Bxe2 25. Ra1 Rxb4 26. Qxb4 Qb7 27. Bc3
Qxb4 28. Bxb4 Nb7 29. Ne4 f5 30. Nxd6 Nxd6 31. Bxd6 Rc8 32. Bf1 e4 33. Ra2 Bd3
34. Bf4 Rd8 1/2-1/2

[Event "MCR_SF09"]
[Site "?"]
[Date "2007.??.??"]
[Round "1"]
[White "Svoboda, Frantisek"]
[Black "Styblo, Pavel"]
[Result "1-0"]
[WhiteElo "2051"]
[BlackElo "2306"]
[PlyCount "47"]
[EventDate "2007.??.??"]
[EventType "schev (rapid)"]
[EventRounds "2"]
[SourceDate "2007.02.23"]

1. e4 c5 2. Nf3 d6 3. d4 cxd4 4. Nxd4 Nf6 5. Nc3 g6 6. Bc4 Bg7 7. O-O O-O 8.
Re1 Nc6 9. Bb3 a6 10. h3 Bd7 11. Bg5 Nxd4 12. Qxd4 h6 13. Bd2 Bc6 14. Qd3 Nd7
15. Qg3 Nc5 16. Bd5 e6 17. b4 exd5 18. exd5 Bxd5 19. Nxd5 Bxa1 20. c3 Nd7 21.
Re7 Nb6 22. Nf6+ Kg7 23. Qh4 Rh8 24. Qd4 1-0

[Event "MCR_SF09"]
[Site "?"]
[Date "2007.??.??"]
[Round "?"]
[White "Portych, Vaclav"]
[Black "Mateka, Petr"]
[Result "0-1"]
[WhiteElo "2147"]
[BlackElo "2275"]
[PlyCount "86"]
[EventDate "2007.??.??"]
[EventType "schev (rapid)"]
[EventRounds "2"]
[SourceDate "2007.02.23"]

1. c4 e5 2. Nc3 Nf6 3. Nf3 Nc6 4. g3 Bc5 5. Bg2 O-O 6. O-O d6 7. d3 h6 8. a3 a6
9. b4 Ba7 10. Bb2 Bg4 11. h3 Be6 12. Rc1 Qd7 13. Kh2 Ne7 14. d4 exd4 15. Nxd4
Bxc4 16. Bxb7 Rab8 17. Ne4 Ne8 18. Rxc4 Rxb7 19. Qc2 f5 20. Qb3 c5 21. Nxc5
dxc5 22. Rxc5+ Rf7 23. Rcc1 Bxd4 24. Rfd1 Qd5 25. Qa4 f4 26. Bxd4 fxg3+ 27.
fxg3 Qb5 28. Qc2 Rc7 29. Qa2 Rxc1 30. Rxc1 Qg5 31. Rc5 Nf5 32. Bf2 Qf6 33. Qb3
h5 34. Qf3 Ned6 35. Qa8+ Kh7 36. Qxa6 Qe7 37. g4 hxg4 38. hxg4 Nh6 39. Qd3+ Kg8
40. Bg3 Nxg4+ 41. Kg1 Qf6 42. Rc1 Qh6 43. Re1 Nf5 0-1

[Event "MCR_SF09"]
[Site "?"]
[Date "2007.??.??"]
[Round "2.1"]
[White "Izing, Stefan ml."]
[Black "Trs, Jan"]
[Result "1-0"]
[WhiteElo "2157"]
[BlackElo "2255"]
[PlyCount "100"]
[EventDate "2007.??.??"]
[EventType "schev (rapid)"]
[EventRounds "2"]
[SourceDate "2007.02.23"]

1. e4 c6 2. d4 d5 3. exd5 cxd5 4. c4 Nf6 5. Nc3 e6 6. Nf3 Bb4 7. cxd5 Nxd5 8.
Bd2 Nc6 9. Bd3 O-O 10. O-O Be7 11. a3 Bf6 12. Qe2 Nxd4 13. Nxd4 Bxd4 14. Bxh7+
Kxh7 15. Qe4+ Kg8 16. Qxd4 Nb6 17. Qxd8 Rxd8 18. Bf4 Nd5 19. Rfd1 b6 20. Rac1
Bb7 21. Nxd5 Bxd5 22. Rc7 a5 23. Rdc1 a4 24. h4 Re8 25. g4 e5 26. Be3 b5 27.
R1c5 Bc4 28. g5 Rad8 29. h5 Be2 30. Kg2 Bxh5 31. Rxb5 Rb8 32. Ra5 Ra8 33. Ba7
Bd1 34. Kg3 Re6 35. Kh4 Bb3 36. Kg4 Rae8 37. Bc5 Bd1+ 38. Kg3 Rg6 39. Be3 Bb3
40. Kg4 Rd6 41. Kf5 e4 42. Re5 Rxe5+ 43. Kxe5 Re6+ 44. Kf5 Re8 45. Bd4 Bd5 46.
g6 f6 47. Be3 Be6+ 48. Kf4 Bb3 49. Ra7 Bc2 50. Bd4 Bb3 1-0

[Event "MCR_SF09"]
[Site "?"]
[Date "2007.??.??"]
[Round "2"]
[White "Brichacek, Milan"]
[Black "Cvak, Rudolf"]
[Result "1/2-1/2"]
[WhiteElo "2215"]
[BlackElo "2247"]
[PlyCount "141"]
[EventDate "2007.??.??"]
[EventType "schev (rapid)"]
[EventRounds "2"]
[SourceDate "2007.02.23"]

1. e4 c5 2. Nf3 d6 3. d4 cxd4 4. Nxd4 Nf6 5. Nc3 a6 6. Be3 Ng4 7. Bg5 h6 8. Bc1
Nf6 9. Be2 e5 10. Nb3 Be7 11. Qd3 Be6 12. Nd5 Nbd7 13. Be3 Bxd5 14. exd5 b5 15.
a4 O-O 16. O-O Nc5 17. Nxc5 dxc5 18. Qf5 Qxd5 19. Rad1 Qe6 20. Qxe6 fxe6 21.
axb5 axb5 22. Bxb5 Rfb8 23. Bc4 Rxb2 24. Bxe6+ Kh7 25. f3 Kh8 26. Ra1 Re8 27.
Bf5 c4 28. Rfd1 c3 29. Ra7 Bf8 30. Rc7 Rb5 31. Bg6 Reb8 32. Ba7 Ra8 33. Bf2 Bb4
34. h4 Ba5 35. Rc6 e4 36. Bxe4 Nxe4 37. fxe4 Re8 38. Rc4 Rb2 39. Ra1 Bd8 40.
Rxc3 Bf6 41. Rc4 Rxc2 42. Rxc2 Bxa1 43. Rc4 Ra8 44. Bd4 Bxd4+ 45. Rxd4 Kh7 46.
Kf2 Kg6 47. Kf3 Kf6 48. Rd6+ Ke5 49. Rd5+ Ke6 50. g3 g6 51. Rc5 Ra6 52. Rb5
Ra3+ 53. Kf4 Ra1 54. Rb6+ Kf7 55. h5 gxh5 56. Rxh6 Rf1+ 57. Ke3 Rh1 58. e5 Kg7
59. Rf6 h4 60. gxh4 Rxh4 61. Kd3 Rg4 62. Rf5 Rh4 63. Ke3 Ra4 64. Rf2 Ra8 65.
Ke4 Rf8 66. Rd2 Kf7 67. Rd6 Ke7 68. Rg6 Rf1 69. Rh6 Ra1 70. Rb6 Re1+ 71. Kf5
1/2-1/2

[Event "MCR_SF09"]
[Site "?"]
[Date "2007.??.??"]
[Round "1"]
[White "Brichacek, Milan"]
[Black "Svoboda, Frantisek"]
[Result "1-0"]
[WhiteElo "2215"]
[BlackElo "2051"]
[PlyCount "89"]
[EventDate "2007.??.??"]
[EventType "schev (rapid)"]
[EventRounds "2"]
[SourceDate "2007.02.23"]

1. e4 c5 2. Nf3 e6 3. d4 cxd4 4. Nxd4 Nf6 5. Nc3 d6 6. g4 h6 7. f4 Nc6 8. Nxc6
bxc6 9. Qf3 Rb8 10. Bd3 e5 11. g5 hxg5 12. fxg5 Nh7 13. h4 Be6 14. Nd1 Be7 15.
Ne3 Qd7 16. Nf5 Bf8 17. b3 a5 18. Bb2 a4 19. O-O-O Qc7 20. Rhf1 g6 21. Ne3 Qa7
22. Qf2 Be7 23. Bc4 O-O 24. Qg3 Bxc4 25. Nxc4 axb3 26. axb3 Qc7 27. Rd3 Ra8 28.
Rfd1 Rfd8 29. Qf2 Ra6 30. Qd2 Qa7 31. Qc3 Nxg5 32. hxg5 Bxg5+ 33. Ne3 Ra8 34.
Kd2 Ra2 35. Rg1 Bf4 36. Rg4 Bh6 37. Rg3 Qd7 38. Ke2 Bf4 39. Rf3 f6 40. Rf2 Rf8
41. Rg2 Bxe3 42. Rxe3 g5 43. Bc1 Qh7 44. Bd2 Qb7 45. Rh3 1-0

[Event "MCR_SF09"]
[Site "?"]
[Date "2007.??.??"]
[Round "1"]
[White "Cvak, Rudolf"]
[Black "Izing, Stefan ml."]
[Result "1/2-1/2"]
[WhiteElo "2247"]
[BlackElo "2157"]
[PlyCount "55"]
[EventDate "2007.??.??"]
[EventType "schev (rapid)"]
[EventRounds "2"]
[SourceDate "2007.02.23"]

1. e4 e5 2. Nf3 Nc6 3. Bc4 Bc5 4. b4 Bxb4 5. c3 Ba5 6. d4 exd4 7. O-O Nge7 8.
cxd4 d5 9. exd5 Nxd5 10. Ba3 Be6 11. Bb5 Bb4 12. Bxc6+ bxc6 13. Bxb4 Nxb4 14.
Qa4 Qd6 15. Nbd2 O-O 16. Ne4 Qf4 17. Nc5 a5 18. a3 Nd5 19. Nxe6 fxe6 20. Qxc6
Qd6 21. Rfc1 Rab8 22. h4 Rb6 23. Qxd6 cxd6 24. Re1 Re8 25. Ng5 h6 26. Rxe6 Rxe6
27. Nxe6 Rb8 28. f4 1/2-1/2

[Event "MCR_SF09"]
[Site "?"]
[Date "2007.??.??"]
[Round "2"]
[White "Trs, Jan"]
[Black "Portych, Vaclav"]
[Result "1/2-1/2"]
[WhiteElo "2255"]
[BlackElo "2147"]
[PlyCount "64"]
[EventDate "2007.??.??"]
[EventType "schev (rapid)"]
[EventRounds "2"]
[SourceDate "2007.02.23"]

1. d4 Nf6 2. c4 e6 3. Nf3 b6 4. g3 Ba6 5. Qa4 Bb7 6. Bg2 c5 7. dxc5 Bxc5 8. O-O
O-O 9. Nc3 Na6 10. Bf4 Be7 11. Rfd1 Nc5 12. Qc2 Qc8 13. Rd4 d5 14. Rc1 Nce4 15.
Nxe4 dxe4 16. Ne5 h6 17. Rdd1 Bc5 18. Qb3 Rd8 19. Qc3 a5 20. Rb1 Nh5 21. Be3
Nf6 22. Rxd8+ Qxd8 23. Bxc5 bxc5 24. h3 Qc7 25. Rd1 a4 26. Kh2 Rd8 27. Rxd8+
Qxd8 28. b4 axb3 29. Qxb3 Ba6 30. f3 exf3 31. exf3 g5 32. Qe3 Qd4 1/2-1/2

[Event "MCR_SF09"]
[Site "?"]
[Date "2007.??.??"]
[Round "?"]
[White "Mateka, Petr"]
[Black "Styblo, Pavel"]
[Result "1-0"]
[WhiteElo "2275"]
[BlackElo "2306"]
[PlyCount "57"]
[EventDate "2007.??.??"]
[EventType "schev (rapid)"]
[EventRounds "2"]
[SourceDate "2007.02.23"]

1. e4 e6 2. d4 d5 3. e5 c5 4. c3 Nc6 5. Nf3 Qb6 6. a3 Nh6 7. b4 cxd4 8. Bxh6
gxh6 9. cxd4 Rg8 10. Nc3 Rg4 11. h3 Rg7 12. Rc1 Bd7 13. Na4 Qc7 14. g3 Rc8 15.
Be2 Be7 16. Qd2 Kf8 17. O-O a6 18. Qxh6 Kg8 19. Nc5 Bf8 20. Qe3 f5 21. Kh2 Qb6
22. Rg1 Qc7 23. g4 fxg4 24. Rxg4 Ne7 25. Bd3 Rxg4 26. hxg4 Ng6 27. Bxg6 hxg6
28. Kg2 b6 29. Ng5 1-0

[Event "MCR_SF09"]
[Site "?"]
[Date "2007.??.??"]
[Round "1"]
[White "Svoboda, Frantisek"]
[Black "Mateka, Petr"]
[Result "0-1"]
[WhiteElo "2051"]
[BlackElo "2275"]
[PlyCount "62"]
[EventDate "2007.??.??"]
[EventType "schev (rapid)"]
[EventRounds "2"]
[SourceDate "2007.02.23"]

1. e4 e5 2. Nf3 Nc6 3. Bb5 a6 4. Ba4 Nf6 5. O-O Be7 6. Re1 b5 7. Bb3 O-O 8. a4
Bb7 9. d3 d6 10. Nbd2 Na5 11. Ba2 c5 12. Nf1 b4 13. Ne3 Rb8 14. Nd2 Bc8 15.
Ndc4 Nc6 16. c3 Be6 17. Qe2 Qd7 18. h3 Bd8 19. Bd2 Bc7 20. a5 b3 21. Bb1 d5 22.
Nxd5 Nxd5 23. exd5 Qxd5 24. f3 f5 25. Nxe5 Bxe5 26. f4 Bd4+ 27. cxd4 Nxd4 28.
Qe5 Qc6 29. Bc3 Bd5 30. Bxd4 cxd4 31. Qxd4 Rbe8 0-1

[Event "MCR_SF09"]
[Site "?"]
[Date "2007.??.??"]
[Round "?"]
[White "Styblo, Pavel"]
[Black "Trs, Jan"]
[Result "1-0"]
[WhiteElo "2306"]
[BlackElo "2255"]
[PlyCount "131"]
[EventDate "2007.??.??"]
[EventType "schev (rapid)"]
[EventRounds "2"]
[SourceDate "2007.02.23"]

1. d4 Nf6 2. c4 g6 3. Nc3 d5 4. cxd5 Nxd5 5. e4 Nxc3 6. bxc3 Bg7 7. Be3 c5 8.
Qd2 Qa5 9. Rb1 a6 10. Rc1 cxd4 11. cxd4 Qxd2+ 12. Kxd2 O-O 13. Nf3 e6 14. Bd3
Nc6 15. Rc4 f5 16. g3 Bd7 17. Rhc1 Rfd8 18. Bg5 Rf8 19. h4 h6 20. Bf4 Rfe8 21.
Bd6 Red8 22. Bc7 Rdc8 23. Bb6 Re8 24. exf5 exf5 25. h5 gxh5 26. d5 Ne7 27. Rc7
Bb5 28. d6 Bxd3 29. Kxd3 Red8 30. Bc5 b6 31. Ba3 Nd5 32. R7c6 Ne7 33. Rxb6 Bf8
34. Nd4 Nc8 35. Rxc8 Rdxc8 36. Nxf5 Re8 37. f4 Kf7 38. Rb7+ Kf6 39. Nd4 Red8
40. Ke4 Rab8 41. Rxb8 Rxb8 42. Nc6 Re8+ 43. Kd5 Re2 44. d7 Rd2+ 45. Nd4 Be7 46.
Bb4 Rd1 47. Ba5 Kf7 48. d8=Q Bxd8 49. Bxd8 Ra1 50. Nc6 Rxa2 51. Ne5+ Ke8 52.
Bb6 Ke7 53. Nc4 Ra1 54. f5 Rf1 55. Ke5 Rc1 56. f6+ Kd7 57. Nd6 Rc6 58. f7 Ke7
59. Bd8+ Kf8 60. Ke6 Rxd6+ 61. Kxd6 Kxf7 62. Bh4 a5 63. Kc5 Ke6 64. Kb5 Kd5 65.
Kxa5 Kc5 66. Be7+ 1-0

[Event "MCR_SF09"]
[Site "?"]
[Date "2007.??.??"]
[Round "2"]
[White "Portych, Vaclav"]
[Black "Cvak, Rudolf"]
[Result "1/2-1/2"]
[WhiteElo "2147"]
[BlackElo "2247"]
[PlyCount "59"]
[EventDate "2007.??.??"]
[EventType "schev (rapid)"]
[EventRounds "2"]
[SourceDate "2007.02.23"]

1. c4 Nf6 2. Nc3 g6 3. Nf3 Bg7 4. d4 d6 5. e4 O-O 6. Be2 e5 7. O-O exd4 8. Nxd4
Re8 9. f3 Nc6 10. Be3 Nh5 11. Qd2 Nxd4 12. Bxd4 Nf4 13. Rfd1 Bxd4+ 14. Qxd4 Qg5
15. Bf1 Ne6 16. Qf2 f5 17. Re1 Bd7 18. e5 dxe5 19. Rxe5 Nf4 20. Rxe8+ Rxe8 21.
Qxa7 Bc6 22. Kh1 Qh4 23. a4 g5 24. Kg1 g4 25. Qf2 Qg5 26. fxg4 fxg4 27. g3 Rf8
28. gxf4 Rxf4 29. Qa7 g3 30. h3 1/2-1/2

[Event "MCR_SF09"]
[Site "?"]
[Date "2007.??.??"]
[Round "2"]
[White "Izing, Stefan ml."]
[Black "Brichacek, Milan"]
[Result "1/2-1/2"]
[WhiteElo "2157"]
[BlackElo "2215"]
[PlyCount "100"]
[EventDate "2007.??.??"]
[EventType "schev (rapid)"]
[EventRounds "2"]
[SourceDate "2007.02.23"]

1. e4 c5 2. Nf3 d6 3. d4 cxd4 4. Nxd4 Nf6 5. Nc3 a6 6. Be2 e6 7. O-O Be7 8. f4
O-O 9. Be3 Qc7 10. g4 d5 11. e5 Ne4 12. Nxe4 dxe4 13. Qe1 Nc6 14. c3 Nxd4 15.
Bxd4 b5 16. Bd1 Bb7 17. Bc2 Qc6 18. Qe3 Rad8 19. Bb3 Rd7 20. a3 Rfd8 21. Rad1
a5 22. Rf2 b4 23. axb4 axb4 24. Bc2 Ra8 25. Re2 bxc3 26. bxc3 Ra3 27. Bxe4 Qxe4
28. Qxe4 Bxe4 29. Rxe4 Rxc3 30. Bxc3 Rxd1+ 31. Kg2 h6 32. Rd4 Rc1 33. Bd2 Rb1
34. Be3 Rb3 35. Kf2 g5 36. Ke2 gxf4 37. Bxf4 Bg5 38. Bg3 Re3+ 39. Kf2 Rc3 40.
Ra4 Rb3 41. h4 Bc1 42. Rc4 Bd2 43. Ra4 Be1+ 44. Kxe1 Rxg3 45. Kf2 Rh3 46. h5
Rb3 47. Ra8+ Kg7 48. Ra5 Rd3 49. Rc5 Ra3 50. Rb5 Rh3 1/2-1/2

[Event "MCR_SF09"]
[Site "?"]
[Date "2007.??.??"]
[Round "1"]
[White "Izing, Stefan ml."]
[Black "Svoboda, Frantisek"]
[Result "1-0"]
[WhiteElo "2157"]
[BlackElo "2051"]
[PlyCount "55"]
[EventDate "2007.??.??"]
[EventType "schev (rapid)"]
[EventRounds "2"]
[SourceDate "2007.02.23"]

1. e4 c5 2. Nf3 e6 3. d4 cxd4 4. Nxd4 Nf6 5. Nc3 d6 6. g4 h6 7. h3 a6 8. Bg2
Qc7 9. Qe2 Nc6 10. Be3 Ne5 11. f4 Nc4 12. O-O-O Bd7 13. Kb1 Rc8 14. Bc1 b5 15.
b3 Qa5 16. Nd5 exd5 17. exd5+ Kd8 18. g5 Ng8 19. Nc6+ Bxc6 20. dxc6 Nb6 21. g6
Kc7 22. gxf7 Nf6 23. Qe6 Rd8 24. Bb2 h5 25. Rhe1 Rh6 26. Qf5 Kb8 27. c4 Nc8 28.
Rc1 1-0

[Event "MCR_SF09"]
[Site "?"]
[Date "2007.??.??"]
[Round "1"]
[White "Brichacek, Milan"]
[Black "Portych, Vaclav"]
[Result "0-1"]
[WhiteElo "2215"]
[BlackElo "2147"]
[PlyCount "70"]
[EventDate "2007.??.??"]
[EventType "schev (rapid)"]
[EventRounds "2"]
[SourceDate "2007.02.23"]

1. e4 c5 2. Nf3 Nc6 3. d4 cxd4 4. Nxd4 Nf6 5. Nc3 e5 6. Ndb5 d6 7. Bg5 a6 8.
Na3 b5 9. Bxf6 gxf6 10. Nd5 Bg7 11. c4 f5 12. cxb5 Nd4 13. exf5 Bxf5 14. Ne3
O-O 15. bxa6 Be6 16. Nac2 Nxc2+ 17. Qxc2 d5 18. Qd2 Bh6 19. Qb4 d4 20. Nc4 d3
21. Ne3 Rxa6 22. Rd1 Rd6 23. g3 Rd4 24. Qd2 Bd5 25. Rg1 Qb6 26. g4 Rc8 27. Bxd3
Bf3 28. Rg3 e4 29. Rxf3 Rxd3 30. Qe2 Rxd1+ 31. Nxd1 exf3 32. Qxf3 Rc1 33. Qd3
Bg5 34. h3 Qxb2 35. a4 Bh4 0-1

[Event "MCR_SF09"]
[Site "?"]
[Date "2007.??.??"]
[Round "2"]
[White "Cvak, Rudolf"]
[Black "Styblo, Pavel"]
[Result "1-0"]
[WhiteElo "2247"]
[BlackElo "2306"]
[PlyCount "91"]
[EventDate "2007.??.??"]
[EventType "schev (rapid)"]
[EventRounds "2"]
[SourceDate "2007.02.23"]

1. e4 c5 2. Nf3 d6 3. d4 cxd4 4. Nxd4 Nf6 5. Nc3 g6 6. Be3 Bg7 7. f3 O-O 8. Qd2
Nc6 9. Bc4 Bd7 10. O-O-O Rc8 11. Bb3 Ne5 12. h4 h5 13. Bh6 Bxh6 14. Qxh6 Rxc3
15. bxc3 Qa5 16. Kb1 b5 17. Ne2 Qa3 18. Nf4 Nc4 19. Nd3 Rc8 20. Qc1 Qa5 21. Nb4
Be6 22. Rhe1 Na3+ 23. Kb2 Nc4+ 24. Ka1 Qc7 25. Kb1 Qc5 26. Bxc4 Qxc4 27. Rd4
Qxc3 28. Qd2 Qc7 29. Nd5 Bxd5 30. exd5 Qb7 31. g4 hxg4 32. fxg4 Rc4 33. h5 Rxd4
34. Qxd4 Nxd5 35. hxg6 fxg6 36. Kc1 Nf6 37. Qe3 Qd5 38. Qxe7 Qd4 39. Qe3 Qxg4
40. Rf1 Nh5 41. Qb3+ Kh7 42. Rf7+ Ng7 43. Qc3 Qg5+ 44. Kb2 Qh6 45. Rxa7 g5 46.
Rb7 1-0

[Event "MCR_SF09"]
[Site "?"]
[Date "2007.??.??"]
[Round "?"]
[White "Trs, Jan"]
[Black "Mateka, Petr"]
[Result "1/2-1/2"]
[WhiteElo "2255"]
[BlackElo "2275"]
[PlyCount "42"]
[EventDate "2007.??.??"]
[EventType "schev (rapid)"]
[EventRounds "2"]
[SourceDate "2007.02.23"]

1. d4 d5 2. c4 dxc4 3. Nf3 Nf6 4. e3 Bf5 5. Bxc4 e6 6. Qb3 Nc6 7. Bd2 Rb8 8.
O-O Bd6 9. Bd3 O-O 10. Bxf5 exf5 11. Na3 Bxa3 12. Qxa3 Qd5 13. Rfc1 Ne4 14. Qb3
Qxb3 15. axb3 Rfc8 16. Bc3 a6 17. Ne1 Na7 18. Nd3 Nb5 19. f3 Nf6 20. Kf2 Re8
21. Nc5 c6 1/2-1/2

[Event "MCR_SF09"]
[Site "?"]
[Date "2007.??.??"]
[Round "?"]
[White "Svoboda, Frantisek"]
[Black "Trs, Jan"]
[Result "1-0"]
[WhiteElo "2051"]
[BlackElo "2255"]
[PlyCount "145"]
[EventDate "2007.??.??"]
[EventType "schev (rapid)"]
[EventRounds "2"]
[SourceDate "2007.02.23"]

1. e4 c6 2. d4 d5 3. exd5 cxd5 4. c3 Nc6 5. Nf3 Nf6 6. Bf4 a6 7. Qb3 e6 8. Bd3
Nh5 9. Be3 Bd6 10. O-O Nf4 11. Bxf4 Bxf4 12. Qc2 g5 13. Qe2 g4 14. Ne1 h5 15.
Nd2 h4 16. Nb3 Rg8 17. g3 Bd6 18. Ng2 Be7 19. Ne3 e5 20. dxe5 Nxe5 21. Nd4 Kf8
22. Ng2 Bf6 23. Nxh4 Nxd3 24. Qxd3 Bxh4 25. gxh4 Qxh4 26. Rae1 Rg6 27. Re5 Rh6
28. Qg3 Qxg3+ 29. fxg3 Rd6 30. Rh5 Kg7 31. Rg5+ Kf8 32. Nf5 Bxf5 33. Rgxf5 Rd7
34. R5f4 Re8 35. Rxg4 Re4 36. Rgf4 Kg7 37. Kg2 b5 38. R1f2 Rc4 39. h4 a5 40.
Kf3 b4 41. cxb4 axb4 42. Rd2 Rb7 43. b3 Rc5 44. Rfd4 Rbb5 45. Kf4 Kg6 46. g4 f6
47. Rd1 Kf7 48. Kf5 Kg7 49. h5 Kf7 50. R1d3 Kg7 51. Rd2 Kf7 52. h6 Rc1 53. Rxd5
Rf1+ 54. Ke4 Re1+ 55. Kf3 Rxd5 56. Rxd5 Kg6 57. Rb5 Rf1+ 58. Ke3 Re1+ 59. Kd3
Rd1+ 60. Kc4 Rg1 61. Rxb4 Rxg4+ 62. Kb5 Rg5+ 63. Kb6 Kxh6 64. a4 Rg6 65. a5 f5+
66. Kc5 Kg5 67. Ra4 f4 68. a6 f3 69. a7 f2 70. Ra1 Ra6 71. Rxa6 f1=Q 72. Ra5
Qf2+ 73. Kc4+ 1-0

[Event "MCR_SF09"]
[Site "?"]
[Date "2007.??.??"]
[Round "1"]
[White "Mateka, Petr"]
[Black "Cvak, Rudolf"]
[Result "1/2-1/2"]
[WhiteElo "2275"]
[BlackElo "2247"]
[PlyCount "78"]
[EventDate "2007.??.??"]
[EventType "schev (rapid)"]
[EventRounds "2"]
[SourceDate "2007.02.23"]

1. e4 e5 2. Nf3 Nf6 3. Nxe5 d6 4. Nf3 Nxe4 5. Qe2 Qe7 6. d3 Nf6 7. Nc3 Nc6 8.
Bg5 Bf5 9. O-O-O O-O-O 10. d4 d5 11. Ne5 h6 12. Nxc6 Qxe2 13. Bxe2 bxc6 14.
Bxf6 gxf6 15. Na4 Re8 16. Rhe1 Bd6 17. Nc5 Bf4+ 18. Kb1 Bd6 19. g3 Bxc5 20.
dxc5 Re6 21. Bh5 Re5 22. Bxf7 h5 23. f4 Rxe1 24. Rxe1 Kd7 25. Kc1 Be4 26. Re3
f5 27. Ra3 Rh7 28. Bg6 Rh6 29. Bf7 Ke7 30. Rxa7 Kxf7 31. Rxc7+ Ke8 32. a4 h4
33. gxh4 Kd8 34. Rb7 Rxh4 35. a5 Rxh2 36. a6 Kc8 37. Rb6 Kc7 38. Rb7+ Kc8 39.
Rb6 Kc7 1/2-1/2

[Event "MCR_SF09"]
[Site "?"]
[Date "2007.??.??"]
[Round "2.5"]
[White "Styblo, Pavel"]
[Black "Brichacek, Milan"]
[Result "1-0"]
[WhiteElo "2306"]
[BlackElo "2215"]
[PlyCount "81"]
[EventDate "2007.??.??"]
[EventType "schev (rapid)"]
[EventRounds "2"]
[SourceDate "2007.02.23"]

1. c4 e5 2. Nc3 Nf6 3. Nf3 Nc6 4. g3 Bb4 5. Bg2 O-O 6. O-O e4 7. Ng5 Bxc3 8.
bxc3 Re8 9. f3 exf3 10. Nxf3 Qe7 11. e3 Qc5 12. d3 d5 13. Nd4 Ne7 14. Qa4 Bd7
15. Qb4 Qb6 16. c5 Qa6 17. c4 Rab8 18. Nb5 Rbc8 19. Rb1 dxc4 20. Qxc4 Be6 21.
Qc2 Bxa2 22. Rb2 Be6 23. Rf4 Bd7 24. Ra4 Qe6 25. Rxa7 Bxb5 26. Rxb5 b6 27. Qc4
Qxc4 28. dxc4 Rcd8 29. Bf3 Ne4 30. Bxe4 Rd1+ 31. Kf2 Rxc1 32. cxb6 cxb6 33.
Rxb6 g5 34. Rbb7 Nc8 35. Bd5 Nxa7 36. Bxf7+ Kf8 37. Bxe8 Kxe8 38. Rxa7 h6 39.
Rh7 Rc2+ 40. Kf3 Rxh2 41. Kg4 1-0

[Event "MCR_SF09"]
[Site "?"]
[Date "2007.??.??"]
[Round "2"]
[White "Portych, Vaclav"]
[Black "Izing, Stefan ml."]
[Result "0-1"]
[WhiteElo "2147"]
[BlackElo "2157"]
[PlyCount "128"]
[EventDate "2007.??.??"]
[EventType "schev (rapid)"]
[EventRounds "2"]
[SourceDate "2007.02.23"]

1. c4 c5 2. Nc3 Nc6 3. g3 e6 4. Nf3 Nf6 5. Bg2 Qb6 6. O-O Be7 7. b3 O-O 8. Na4
Qa6 9. Bb2 d5 10. Bxf6 Bxf6 11. cxd5 exd5 12. Nxc5 Qa3 13. Rc1 Bb2 14. Rb1 Bf6
15. d4 Nxd4 16. Nxd4 Qxc5 17. e3 Be6 18. Rc1 Qd6 19. Qh5 Rac8 20. Ne2 g6 21.
Qf3 Be5 22. Nf4 Bxf4 23. gxf4 d4 24. Rcd1 d3 25. e4 d2 26. f5 Bd7 27. Qg3 Qb4
28. a3 Qd4 29. Qe3 Qxe3 30. fxe3 Bb5 31. Rf2 Rc3 32. Rdxd2 Rxe3 33. Rf3 Rxe4
34. Rc3 Re1+ 35. Kf2 Re5 36. Bxb7 Rxf5+ 37. Bf3 Rb8 38. Kg3 Kf8 39. h4 Re5 40.
a4 Be8 41. Rd4 Kg7 42. b4 a6 43. Bc6 Bxc6 44. Rxc6 Re3+ 45. Kf2 Rb3 46. a5
R8xb4 47. Rxb4 Rxb4 48. Kg3 Rb3+ 49. Kf2 Ra3 50. Rxa6 f6 51. Ra7+ Kh6 52. Ra6
Kh5 53. Rxf6 Kxh4 54. a6 Kg5 55. Rf7 h5 56. a7 Kg4 57. Rb7 Ra2+ 58. Kf1 h4 59.
Rb4+ Kh5 60. Rb7 g5 61. Kg1 h3 62. Rc7 Kh4 63. Rb7 g4 64. Rc7 g3 0-1